Microsoft powerpoint 2013/2016 / (Record no. 762)

MARC details
000 -LEADER
fixed length control field 00548nam a22001817a 4500
005 - DATE AND TIME OF LATEST TRANSACTION
control field 20230131023729.0
008 - FIXED-LENGTH DATA ELEMENTS--GENERAL INFORMATION
fixed length control field 230131b |||||||| |||| 00| 0 eng d
020 ## - INTERNATIONAL STANDARD BOOK NUMBER
International Standard Book Number 978-971-37-0449-8
082 ## - DEWEY DECIMAL CLASSIFICATION NUMBER
Classification number Fil. 006.6869 J49 2017
110 ## - MAIN ENTRY--CORPORATE NAME
Corporate name or jurisdiction name as entry element Jemma Development Group
Relator term author
245 ## - TITLE STATEMENT
Title Microsoft powerpoint 2013/2016 /
Statement of responsibility, etc. Jemma Development Group
260 ## - PUBLICATION, DISTRIBUTION, ETC.
Place of publication, distribution, etc. Rizal, PH:
Name of publisher, distributor, etc. Jemma
Date of publication, distribution, etc. c2017
300 ## - PHYSICAL DESCRIPTION
Extent viii, 136p.:
Other physical details ill.
490 ## - SERIES STATEMENT
Series statement visual guide
504 ## - BIBLIOGRAPHY, ETC. NOTE
Bibliography, etc. note Includes bibliographies
541 ## - IMMEDIATE SOURCE OF ACQUISITION NOTE
Accession number 6969
650 ## - SUBJECT ADDED ENTRY--TOPICAL TERM
Topical term or geographic name entry element Microsoft Powerpoint (Computer file)
Holdings
Withdrawn status Lost status Source of classification or shelving scheme Damaged status Not for loan Home library Current library Date acquired Total Checkouts Full call number Barcode Date last seen Copy number Price effective from Koha item type
    Dewey Decimal Classification     ctu-moalboal ctu-moalboal 04/26/2021   Fil. 006.6869 J49 2017 6969 01/31/2023 1 01/31/2023 Books-Filipiniana